| 000 | 01765cam a2200337 a 4500 | ||
|---|---|---|---|
| 005 | 20260322212045.0 | ||
| 008 | data | ||
| 010 | _a 2011017823 | ||
| 020 | _a9781611250060 (pbk.) | ||
| 020 | _a1611250064 | ||
| 040 |
_aDLC _cDLC _dDLC |
||
| 042 | _apcc | ||
| 043 | _aa-cc-ti | ||
| 050 | 0 | 0 |
_aBQ6450.C62 _bT5355 2011 |
| 082 | 0 | 0 |
_a294.3/4351 _223 |
| 084 |
_aREL007050 _2bisacsh |
||
| 092 | _a294 T535 2011 | ||
| 100 | 1 | _aMullin, Glenn H. | |
| 245 | 1 | 4 |
_aThe sacred sites of the Dalai Lamas / _cGlenn H. Mullin. |
| 260 |
_aStudio City : _bDivine Arts, _c2011. |
||
| 300 |
_a182 p. : _bill. (mostly col.) ; _c21 cm. |
||
| 505 | 8 | _aMachine generated contents note: The Kathmandu Valley -- Tsetang and the Yarlung Valley -- The Lhasa Experience -- The Kangyur Stupa and Three Lhasa Circuits -- Samye and Beyond -- Drak Yerpa, The Heart of Sacred Mountains -- The Sakya Patriarchs -- A Milarepa Cave -- Olkha Cholung and a Juniper Berry Enlightenment -- Jhampa Zhishi, Temple of the Radiant Maitreya Buddha -- Tashi Lhunpo and Tibet's "Father-Son" Legacy -- Metoktang and Gyal Monastery -- Lhamo Latso, the Oracle Lake -- Prologue -- The Crystal Rosary. | |
| 650 | 0 |
_aBuddhist pilgrims and pilgrimages _zTibet Autonomous Region. _zTibet Autonomous Region. |
|
| 650 | 0 | _aDalai lamas. | |
| 650 | 0 |
_aSacred space _zTibet Autonomous Region. _zTibet Autonomous Region. |
|
| 650 | 7 |
_aRELIGION / Buddhism / Tibetan. _2bisacsh |
|
| 906 |
_a7 _bcbc _corignew _d1 _eecip _f20 _gy-gencatlg |
||
| 925 | 0 |
_aacquire _b2 shelf copies _xpolicy default _eclaim1 2012-02-23 |
|
| 955 |
_wrd08 2011-05-11 _frc17 2012-04-20 CIP ver. to BCCD (telework) _txn03 2012-07-20 copy 2 added |
||
| 001 | data | ||
| 999 |
_c1064 _d1064 |
||